Perspectiva Internacional:

Spremljeno u:
Bibliografski detalji
Format: Knjiga
Jezik:Spanish
Izdano: Buenos Aires, Argentina: Editorial Perspectiva
Teme:
Oznake: Dodaj oznaku
Bez oznaka, Budi prvi tko označuje ovaj zapis!

MARC

LEADER 00000nam a22000007a 4500
003 cru CIDCACS/IIS
005 20231115145737.0
007 ta
008 231115b |||||||| |||| 00| 0 spa d
040 |c cru CIDCACS/IIS 
090 |a REV0761 
245 |a Perspectiva Internacional:  |c el pensamiento justicialista en las relaciones internacionales 
260 |a Buenos Aires, Argentina:  |b Editorial Perspectiva 
270 |a Callao 1134 1º piso (1123)  |b Buenos Aires  |d Argentina 
500 |a PERIODICIDAD : trimestral 
500 |a EXISTENCIAS : 1989 1 (1-2) 1990 2 (3) 
650 4 |a RELACIONES INTERNACIONALES  |9 2646 
650 0 |a POLITICA EXTERIOR  |9 370 
650 0 |a COMERCIO EXTERIOR  |9 304 
650 0 |a RELACIONES ECONOMICAS INTERNACIONALES   |9 2806 
651 0 |a AMERICA LATINA  |9 17 
942 |2 ddc  |c PP 
999 |c 45350  |d 45350